| 000 | 00750nam a22002177a 4500 | ||
|---|---|---|---|
| 003 | NALT | ||
| 005 | 20210913094908.0 | ||
| 008 | s2523 th tha d | ||
| 040 | _aNALT | ||
| 041 | _atha | ||
| 050 |
_aHC 240 _bช5 2523 |
||
| 100 | 0 |
_aชวี เกาชวัต _954493 |
|
| 245 | 1 | 0 |
_aประวัติศาสตร์เศรษฐกิจยุโรป / _cชวี เกาชวัต |
| 250 | _aพิมพ์ครั้งที่ 2 | ||
| 260 |
_aม.ป.ท. : _bโรงพิมพ์แสงรุ้ง, _c2523. |
||
| 300 |
_a170 หน้า ; _c27 ซม. |
||
| 651 | 4 |
_954439 _aยุโรป _xภาวะเศรษฐกิจ |
|
| 850 | _aNALT | ||
| 942 |
_cGB _2lcc |
||
| 998 |
_bphon _j104 _k สายฝน ดีงาม |
||
| 999 |
_c3008 _d3008 |
||